1313 1559 1708 1330 1933 1715 1187 1074 1945 1413 1056 1856 1078 1748 1867 1650 1610 1825 1349 1850 1434 1050 1973 1874 1071 1549 1188 1888 1202 1576 1356 1249 1435 1284 1229 1066 1698 1284 1242 1587 1444 1442 1542 1898 1966 1814 1701 1287 1136 1920 1705 1028 1103 1072 1470 1659 1796 1546 1431 1081 1918 1718 1958 1754 1576 1461 1660 1683 1802 1108 1415 1185 1869 1549 1174 1697 1525 1711 1418 1578 1139 1275 1528 1562 1715 1602 1438 1340 1519 1607 1519 1786 1718 1528 1963 1130 1145 1901 1365 BCNSPRNW ULIB Ver.6.0+V

เปลี่ยนเป็นภาษาไทย

Change to English
 แสดงรายละเอียดบรรณานุกรม
  กลับหน้าหลัก

Brief Record : Get Marc (ISO 2709) : E-mail record : QR code < ปิดหน้าต่าง
LEADER : 00000nam 2200000uu 4500
001    13399126099
003     ULIB
008    020711s2017 th a 000 0 eng d
020    ^a9781496345134
060    ^aWS18.2^bS115T
100    ^aCamille Sabella, Robert J. Cunningham III
245  4 ^aThe Cleveland Clinic Intensive Review of Pediatrics/^cCamille Sabella, Robert J. Cunningham III
250    ^a5th ed
260    ^aPhiladelphia :^bWolters Kluwer,^c2017
300    ^a688 pages;^b30 cm
650    ^aPediatrics-methods
945    ^p3527^l0^i004122
999    ^aประนอม เกษจรัล
รายการนี้ยังไม่มีแท็ก
คุณยังไม่ได้ล็อกอิน คุณสามารถมีกิจกรรมร่วมกับเว็บไซต์ได้ แต่ต้องล็อกอินก่อน ::
  ล็อกอิน

รายการสื่อสารสนเทศ

ลำดับที่ ประเภท เลขเรียก/บาร์โค้ด สถานที่ สถานะ
1. วิทยาศาสตร์การแพทย์ และสุขภาพ
หนังสือสำรอง
สถานะ=หนังสือสำรอง
WS18.2 S115T ฉ.1 
  Barcode: 004122
ห้องสมุดวิทยาเขตสวรรค์ประชารักษ์
►หนังสือทั่วไป
บนชั้น

รายการใกล้เคียง
    ผู้แต่ง [Camille Sabella, Robert J. Cunningham III]

    หัวเรื่อง [Pediatrics-methods]

BibComment


ยังไม่เคยถูกคอมเมนท์

คอมเมนท์ทรัพยากรรายการนี้
  คอมเมนท์: The Cleveland Cl..


 Copyright 2026. Bcnsprnw @Library